| 000 | 00785nam a22002297a 4500 | ||
|---|---|---|---|
| 003 | BUBTL | ||
| 008 | 240416b ||||| |||| 00| 0 eng d | ||
| 020 | _a9788120352384 | ||
| 041 | _aeng | ||
| 082 | _a658.8/ Sr34i/ 2022 | ||
| 100 |
_95703 _aSrinivasan, R. |
||
| 245 |
_aInternational Marketing / _cR. Srinivasan |
||
| 250 | _a4th ed. | ||
| 260 |
_aDelhi: _bPHI Learning Private Limited, _cc2022 |
||
| 300 |
_axvi, 299 p. : _c24 cm. |
||
| 500 | _aIncludes Index | ||
| 505 | _aInternational Marketing, Basic Concepts of International Marketing, Trade Theories, Export Promotion and Marketing, Environment of International Business, Consumer Behaviour | ||
| 650 | 0 |
_953 _aMarketing |
|
| 856 |
_k0 _l0 _yDownload |
||
| 942 |
_2ddc _cBK |
||
| 999 |
_c7303 _d7303 |
||